Normal view
MARC view
Entry Topical Term
001 - CONTROL NUMBER
- control field: 24648
003 - CONTROL NUMBER IDENTIFIER
- control field: dpl
005 - DATE AND TIME OF LATEST TRANSACTION
- control field: 20101207145200.0
008 - FIXED-LENGTH DATA ELEMENTS
- fixed length control field: 101207|||a|||||| | ||| d
040 ## - CATALOGING SOURCE
- Original cataloging agency: dpl
- Transcribing agency: dpl
150 ## - HEADING--TOPICAL TERM
- Topical term or geographic name as entry element: Higher education and state
- Geographic subdivision: India
670 ## - SOURCE DATA FOUND
- Source citation: Work cat.: (dpl): Beteille,Andre 24646, Universities at the crossroads /, 2010
670 ## - SOURCE DATA FOUND
- Source citation: Work cat.: (dpl): Beteille,Andre 24646, Universities at the crossroads /, 2010
